| 000 | 00433nam a22001337a 4500 | ||
|---|---|---|---|
| 040 | _cNUST | ||
| 082 | _a200 THE | ||
| 100 |
_aTayyaba Hussain _988293 |
||
| 110 |
_aSupervised by Dr. Muhammad Usman Akram _988294 |
||
| 245 | _aTH-SOF-1946-A Novel Data Extraction Framework Using Natural Language Processing (DEFNLP) Techniques | ||
| 260 |
_aISLAMABAD: _bNUST COLLEGE OF EME, _c2021. |
||
| 650 |
_aMS-CSE-19 _988295 |
||
| 942 |
_2ddc _cTHE |
||
| 999 |
_c587568 _d587568 |
||